000 02112nac a2200301 a 4500
003 Co-PeBPM
005 20241012172602.0
007 ta
008 241012s2019 ck |||| |||| 00| 0 spa d
020 _a13: 9789584277466
020 _aISBN10: 9584277464
040 _aCo-PeBPM
_bspa
_cCo-PeBPM
_erda
041 _aspa
082 0 4 _aCo863 G283s
_222
100 1 0 _aGaviria Álvarez, Germán
_eautor
245 1 0 _aLa superficie del día
_c/ Germán Gaviria Álvarez
250 _aPrimera edición
260 _aBogotá, Colombia
_b: Editorial Planeta Colombiana,
_c2019
300 _a147 páginas
_c23 centímetros
490 _aBiblioteca Breve
500 _aContiene datos biográficos del autor en la solapa del texto
500 _aObra ganadora del V Premio Nacional de Novela Corta de la Pontificia Universidad Javeriana
520 _aCada sábado, Griselda se desplaza hora y media hacia el centro de Bogotá para hacer el aseo en una casona habitada por una mujer lacónica y espectral. Mientras limpia, cavila: en la enigmática vida de su patrona, en las brechas que las separan, en su propia madre y hermana, ambas postradas por la enfermedad y la vejez. Griselda aprovecha la soledad de su trabajo para imaginar posibles futuros, pequeñas victorias, hasta que un día, sin más, la realidad irrumpe como un trueno rectificador, alumbrando la fragilidad de su esperanza. La superficie del día es una novela que, sin darle cabida al sentimentalismo, nos habla de barreras invisibles y de las historias que nos contamos para transitarlas con mayor facilidad. Nos revela, en su prosa despoblada de adornos, la manera en que el poder configura tanto los territorios como las vidas de las personas. En últimas, esta historia sobre una empleada doméstica de 60 años nos invita a contemplar las asimetrías de una superficie desigual, en cuyos abismos, a veces, terminan sepultadas la empatía y la solidaridad.
650 1 4 _aLiteratura colombiana
_2LEMB
650 1 4 _aNovela colombiana
_2LEMB
942 _2ddc
_cBK
_n0
999 _c60057
_d60057